[Event "Minsk op"]
[Site "Minsk"]
[Date "2010.08.04"]
[Round "1"]
[White "Glidzhain, Gor Mikhailovich"]
[Black "Ponyavin, Dmitriy"]
[Result "1-0"]
[WhiteElo "2369"]
[BlackElo "1929"]
[PlyCount "65"]
[EventDate "2010.08.04"]
[EventType "swiss"]
[EventRounds "9"]
[EventCountry "BLR"]
[SourceTitle "CBM 137 Extra"]
[Source "ChessBase"]
[SourceDate "2010.09.01"]
[SourceVersion "1"]
[SourceVersionDate "2010.09.01"]
[SourceQuality "1"]

1. e4 c5 2. d4 cxd4 3. c3 d3 4. Bxd3 e6 5. Nf3 Nc6 6. 0-0 d6 7. Qe2 Qc7 8. a4 Be7 9. Na3 Nf6 10. Rd1 0-0 11. Bf4 e5 12. Bg5 Be6 13. Bc4 Rad8 14. Rd2 Na5 15. Bxf6 Nxc4 16. Nb5 Qd7 17. Nxe5 Nxe5 18. Bxe5 dxe5 19. Rxd7 Rxd7 20. Rd1 Rfd8 21. Rxd7 Rxd7 22. Nxa7 Bb3 23. h3 Bxa4 24. Qc4 Rd1+ 25. Kh2 Bd7 26. Qb3 Rd2 27. Qxb7 f6 28. b4 Kf8 29. Nc6 Bxc6 30. Qxc6 Rxf2 31. b5 Rd2 32. b6 Rd8 33. b7 1-0